000 01454nam a2200433 i 4500
001 14576
003 KOSZ 005
005 20191114102326.0
008 071017s1971 pl a f 000 0 pol
015 _aPB 1971/10672
035 _a991037440579705066
035 _a(PL-WaBN)b20040647-48omnis_nlop
035 _ab20040647
035 _a(OCoLC)751073754
035 _a(PL)b0000002004064
035 _a(EXLNZ-48OMNIS_NETWORK)9910356632305606
040 _aWA N
_cWA N
_dKOSZ 005/KK
046 _k1971
080 _a352
080 _a338.98
080 _a658
100 1 _aDziembowski, Zygmunt
_d(1921- ).
_eAutor
245 1 0 _aEkonomika przedsiębiorstwa komunalnego /
_cZygmunt Dziembowski.
260 _aWarszawa :
_bPaństwowe Wydawnictwo Ekonomiczne,
_c1971.
300 _a426, [2] strony :
_bilustracje ;
_c23 cm.
336 _2rdacontent
_aTekst
_btxt
337 _2rdamedia
_aBez urządzenia pośredniczącego
_bn
338 _2rdacarrier
_aWolumin
_bnc
380 _aKsiążki
388 _a1901-2000
504 _aBibliografia na stronach 424-[427].
655 7 _aPodręczniki akademickie
_2DBN
658 _aGospodarka, ekonomia, finanse
650 7 _aPrzedsiębiorstwo komunalne
_2DBN
710 2 _aPaństwowe Wydawnictwo Ekonomiczne
856 _uhttp://koha.tu.koszalin.pl/cgi-bin/koha/opac-detail.pl?biblionumber=14576
_yKatalog online BPK
942 _2UKD
_cKS
999 _c14576
_d14576